000 00459nam a22001697a 4500
003 MPLRDC
005 20220104174610.0
008 210129b ||||| |||| 00| 0 eng d
020 _a1-56414-580-8
082 _a494.8 PAN
100 _aVINCE PANELLA
245 _aTHE 26-HOUR DAY: HOW TO GAIN AT LEAST TWO HOURS A DAY WITH TIME CONTROL
_c
260 _a
_bBOOK-MART PRESS
_c2002
300 _b
650 _a管理资讯系统
942 _cBK
_o494.8 PAN
999 _c59946
_d59936